000 003130000a22001450004500
003 MACL
040 _aMACL
090 _c32713
_d32711
100 _aSethi, Dr s
245 _aRailway Recruitment Board
260 _bBright Careers institus
_c2003
350 _a110
650 _aRailRoad
942 _cBOOK
_k385/Set
999 _c32378
_d32378